000 00675nam a2200205Ia 4500
003 GCL
008 140319s9999 xx 000 0 ara d
040 _aGCL /
_cGCL
082 0 4 _aط
_b004
_bح ك
100 1 _aحسن طالب يونس
245 1 0 _aالكمبيوتر للاولاد والاطفال: البرامج بلغة باسيك Basic /
_cحسن طالب يونس
250 _aالاولى
260 _aبيروت :
_bدار الراتب الجامعية ،
_c0
300 _a127 ص ؛
_c24سم
650 0 4 _aاللغات
650 0 4 _aالحاسبات الالكترونية
650 0 4 _aباسيك
650 0 4 _aادلة الهواة
942 _2ddc
_cBK
999 _c49165
_d49165